000 00398nam a22001577a 4500
020 _a978-1-265-10351-4
082 _a658.15
100 _aRoss, Steohen A.
245 _aEssentials of Corporate Finance
250 _a11th
260 _aNew York:
_bMcGraw Hill,
_c2023
300 _axxxii, 655p.: ill.; 26cm
700 _aWesterfield, Randolph W.
700 _aJordan, Bradford D.
942 _cBK
999 _c22141
_d22141